Szczegóły MARC21

Märchen der Dichter /

003 -Nazwa inst., której nr kontr. jest w polu 001 [,]
    • @
    • Nazwa instytucji, której n kontrolny jest w polu 001
    • NUKAT
005 -DATA I CZAS OSTATNIEJ MODYFIKACJI [,]
    • @
    • pole kontrolne
    • 20241231101811.0
040 -Instytucja sporządzająca opis [ , ]
    • a
    • Instytucja, która sporządziła opis (NP)
    • LUBL U/rok
    • c
    • Instytucja, która sporządziła rekord (NP)
    • LUBL U/roks
    • d
    • Instytucja, która zmodyfikowała rekord (P)
    • LUBL U/Mko
942 -Rodzaj dokumentu [ , ]
    • c
    • Rodzaj dokumentu
    • Książka
245 -Strefa tytułu i oznaczenia odpowiedzialności [0,0]
    • a
    • Tytuł
    • Märchen der Dichter / Find
    • c
    • Pozostałe elementy strefy tytułu i oznaczenia odpowiedzialności (NP)
    • hrsg. von Fritz Meichner ; mit einem Nachw. von Gerhard Seidel.
250 -Strefa wydania [ , ]
    • a
    • Oznaczenie wydania (NP)
    • 11. bis 24. Tsd.
260 -Strefa adresu wydawniczego [ , ]
    • a
    • Miejsce wydania (P)
    • Weimar :
    • b
    • Nazwa wydawcy (P)
    • Gustav Kiepenheuer Verlag,
    • c
    • Data wydania (P)
    • dr. 1973.
300 -Strefa opisu fizycznego [ , ]
    • a
    • Określenie formy książki i/lub objętość (NP)
    • 534, [6] s. ;
    • c
    • Format (NP)
    • 20 cm.
336 -Typ zawartości [ , ]
    • a
    • Termin opisujący typ zawartości
    • Tekst
    • b
    • Kod określający zawartość
    • txt
    • 2
    • Źródło (terminu i kodu)
    • rdacontent
337 -Typ mediów [ , ]
    • a
    • Tryb odtwarzania
    • Bez urządzenia pośredniczącego
    • b
    • Kod typu mediów
    • n
    • 2
    • Źródło (terminu i kodu)
    • rdamedia
338 -Typ/rodzaj nośnika [ , ]
    • a
    • Hasło opisujące typ nośnika
    • Wolumin
    • b
    • Kod typu nośnika
    • nc
    • 2
    • Źródło (terminu i kodu)
    • rdacarrier
500 -Uwaga ogólna [ , ]
    • a
    • Uwaga ogólna (NP)
    • Na okł.: Goethe, Tieck, Brentano, Hoffmann, de Balzac, Hauff, Mörike, Andersen, Gogol, Storm, Keller, Tolstoi, Ebner-Eschenbach, Strindberg, Stevenson, Wilde, Lagerlöf, Gorki.
655 -Hasło w funkcji tematu formalnego [ ,7]
    • a
    • Hasło
    • Baśnie czarodziejskie.
    • 2
    • Źródło terminu
    • kaba
    • 9
    • KHW
    • 102573
655 -Hasło w funkcji tematu formalnego [ ,7]
    • a
    • Hasło
    • Bajki
    • v
    • Określnik formy
    • antologie.
    • 2
    • Źródło terminu
    • kaba
    • 9
    • KHW
    • 359902
700 -Hasło dodatkowe - nazwa osobowa [1, ]
    • a
    • Nazwa osobowa (NP)
    • Meichner, Fritz Find
    • d
    • Daty biograficzne (NP)
    • (1895- ).
    • e
    • Określenie rodzaju współpracy
    • Red.
    • 9
    • KHW
    • 506408
700 -Hasło dodatkowe - nazwa osobowa [1, ]
    • a
    • Nazwa osobowa (NP)
    • Seidel, Gerhard Find
    • d
    • Daty biograficzne (NP)
    • (1929-2000).
    • e
    • Określenie rodzaju współpracy
    • Posł.
    • 9
    • KHW
    • 506407
Lokalizacja Data inwentaryzacji Numer inwentarzowy Obwoluta Status udost. Sygnatura
BM2019-10-28BC.130111-3Germ. Antologie 63